00771nam a2200193 a 4500008004100000050001300041100002100054245008400075260004000159300001400199350000900213490004600222650002800268650002400296700001800320995009900338999001700437952012300454070509s2006 ||||||||||||||||| || u aIBRD(08) aVerdier, Thierry10aInternational trade, security, and transnational terrorism: theory and empirics aWashington, D. C.bWorld Bankc2006 a29p.;ill. a0.00 aWorld Bank policy research working papers aGLOBALISATION--RESEARCH aTERRORISM--RESEARCH aMirza, Daniel D0.00FCBU-MAIN LIBRARY (Kitwe)H1I0.00M1UAVAILABLEWMay 9, 2007ZInternational Publications c47500d47500 00102lcc4070a001b001cInternational Publicationsd2022-11-30l0oIBRD(08)pZ03001976r2022-11-30w2022-11-30y002